إدارة التطوير برياض الأطفال : (رقم التسجيلة. 25334)

تفاصيل مارك
000 -الفاتح
حقل البيانات ثابتة الطول 00653nam a22001937a 4500
003 - محدد رقم الضبط
رقم الضبط OSt
005 - وقت وتاريخ اخر تعامل مع التسجيلة
رقم الضبط 20150408114054.0
008 - عناصر البيانات ثابتة الطول - معلومات عامة
حقل البيانات ثابتة الطول 120730s2010 ua a g b 000 0 ara d
020 ## - الرقم الدولى المعيارى للكتب
الرقم الدولى المعيارى للكتاب 9789773163324
040 ## - مصدر الفهرسة
وكالة الفهرسة الأصلية MU
082 ## - رقم تصنيف ديوى العشرى
رقم الطبعة 21
رقم التصنيف 372.218
رقم المادة م ع إ
100 ## - المدخل الرئيسى - إسم شخصى
الإسم الشخصى مصطفى، عزة جلال.
9 (RLIN) 16753
245 ## - بيان العنوان
العنوان إدارة التطوير برياض الأطفال :
بقية العنوان نماذج عربية وعالمية /
بيان المسئوليه,etc عزة جلال مصطفى.
300 ## - الوصف المادى
التعداد 160 ص. :
تفاصيل ماديه اخرى للوعاء إيض. ؛
أبعاد الوعاء 24 سم.
504 ## - تبصرة ببليوجرافية
تبصرة ببليوجرافية,الخ ببليوجرافية : ص. 149-156.
650 ## - المدخل الاضافى بالموضوع-مصطلح موضوعى
مصطلح موضوعي أو اسم جغرافي كعنصر مدخل رياض الأطفال.
650 ## - المدخل الاضافى بالموضوع-مصطلح موضوعى
مصطلح موضوعي أو اسم جغرافي كعنصر مدخل تعليم الأطفال.
9 (RLIN) 12721
942 ## - عناصر المدخل الإضافي( كوها)
مصدر التصنيف او مخطط الترفيف Dewey Decimal Classification
Koha [default] item type DVD
المقتنيات
حالة الفقد نموذج السعر الفعال حالة تلف ليس للاعارة رقم الطلب رقم النسخة تاريخ الاكتساب الموقع الحالي الباركود الفرع الرئيسي Date last seen نوع المادة فى نظام كوها مصدر التصنيف او خطة الترفيف Total Checkouts
  2013-03-10     372.218 م ع إ ن.1 2012-07-30 المكتبة المركزية بالمجمعة (CL) 00108876 المكتبة المركزية بالمجمعة (CL) 2013-03-10 كتاب Dewey Decimal Classification  
  2013-03-10     372.218 م ع إ ن.2 2012-07-30 المكتبة المركزية بالمجمعة (CL) 00108875 المكتبة المركزية بالمجمعة (CL) 2013-03-10 كتاب Dewey Decimal Classification  
  2013-03-10     372.218 م ع إ ن.3 2012-07-30 المكتبة المركزية بالمجمعة (CL) 00108874 المكتبة المركزية بالمجمعة (CL) 2013-03-10 كتاب Dewey Decimal Classification